Bienvenue à la Médiathèque de Saint-Andiol
banniere
Accueil Recherche avancée Mon compte
handi1 Rechercher dans le catalogue

Filtre   Mots-clés
  Recherche avancée
 
Lister les dernières nouveautés
 
Lister les livres GROS CARACTERES
 
Lister les périodiques (magazines)

handi1 Bonjour, sommeil

<< Retourner aux résultats de la recherche
Book Cover
Auteur principal : Anne Crahay
Titre : Bonjour, sommeil
Support : Livres
Langue : Francais
Publié : DL 2017 Albin Michel Jeunesse Paris
Genre : Documentaire
Sujets :
Étiquettes :
Pas de tags
LEADER 01742nam0a2200253 450
001 16849191
010 |a 978-2-226-39962-5  |b rel.  |d 9,9 € 
100 |a 20190621d2026 u u0frey01 ba 
101 0 |a fre 
102 |a FR 
200 0 |a Bonjour, sommeil  |f Anne Crahay 
207 1 |a   
210 |a Paris  |b 22, rue Huygens  |c Albin Michel Jeunesse  |d DL 2017 
215 |a 1 vol. (non paginé [41 p.]  |c ill. en coul.  |d 24 cm 
300 |a Sur la page de couverture : des relaxations, en mots et en mouvements, à partager avec son enfant 
330 |a S'endormir peut être angoissant et difficile pour certains enfants. Il faut accepter de s'abandonner, et pour cela être rassuré, se sentir en sécurité. Bonjour, sommeil propose quatre relaxations, comme autant de petits rituels pour accueillir la nuit ou la sieste, apprendre à reconnaître les signes du sommeil, se détendre et trouver sa place dans son « nid ».Chaque relaxation s'articule de la même façon : une ouverture explicative pour les parents, qui détaille le mouvement, et un court texte illustré qui lui fait écho, à lire doucement aux enfants comme une comptine ou une poésie enfantine. Des mots doux qui parlent à l'imaginaire des enfants et les aident à ressentir et à s'approprier le mouvement proposé.Des moments de relaxation partagés entre parents et enfants, qui réconcilient le corps et l'esprit et font du bien pour toute la vie...A partir de 3 ans. 
606 0 |a Relaxation 
606 0 |a Sommeil  |x Chez l'enfant 
606 0 |a Sommeil  |x Rituels 
676 |a 613.7 
700 0 |a Crahay  |b Anne  |f 1973-....  |4 70 
900 |a Documentaire 
901 |a Jeunesse 
995 |a Médiathèque  |c Médiathèque  |f 089016868  |h 089016868  |k E 613.7 CRA  |o p  |q j  |r az  |e Médiathèque